000
00294nam a22001217a 4500
040
_c
SY
082
_a
632
100
_a
NGIN CHHAY; និង ឆាយ
245
_a
Crop protection, កិច្ចការពារដំណាំ
260
_a
RUA
_b
NGI
_c
1997
300
_a
140p.
942
_c
KB
999
_c
9511
_d
9511